02230agaaa2200325 45000010005000000030009000050050017000140070009000310080040000400400023000800410013001031000044001161300030001602400033001902450222002232460026004452500022004712600111004933000033006045080227006375110092008645200625009565380016015815460013015976500057016107000056016677000059017237000058017827000064018406148IT-RoPAU20220918181252.0d cvaizq50131s9999||||xx ||| | || ||und|| aIT-RoPAUcIT-RoPAU aITALIANO aCapra FrankgCodice regista SPICS: 8472 aVITA E' MERAVIGLIOSA (LA) aIT'S A WONDERFUL LIFEgT2019 aVITA E' MERAVIGLIOSA (LA)cProdotto da: Capra Frank -- Sceneggiatura: Capra Frank Goodrick Frances Hakett Albert Swerling Jo -- Diretto da: Capra FrankpVITA E' MERAVIGLIOSA (LA) (Rif. Codice opera principale : H6148) aIT'S A WONDERFUL LIFE aEdizione Standard a(USA)bLIBERTY FILM / Distribuzione: ALBERTO PERUZZO EDITg"1946 (1° ed.: 2005 ; Ed. Lingua Orig.: 1946)" aDVDbsonoro, b&wc130 minuti a"Fotografia: Biroc J. Walker J.; Montaggio: Hornbeck William; Musica: Tiomkin Dimitri; Sceneggiatura: Capra Frank Goodrick Frances Hakett Albert Swerling Jo; Scenografia: Okey Jack; Soggetto: Swerling Jo -- Wilson Michael" a"Stewart James; Reed Donna; Barrymore Lionel; Travers Henry; Mitchell Thomas; Bond War" aE' LA STORIA DI GEORGE BAILEY, UNA VITA DI SACRIFICIO PER IL PROSSIMO. IN UNA CITTADINA DI PROVINCIA DIFENDE LA COOPERATIVA EDILIZIA DEL PADRE DAL POTERE DEL PERFIDO CAPITALISTA POTTER. ALLA VIGILIA DI NATALE SUO ZIO SMARRISCE UNA GROSSA SOMMA DI DENARO DEI FONDI DELLA SOCIETA'. DISPERATO, GEORGE DECIDE DI SUICIDARSI. LO SALVA LA PROVVIDENZA CELESTE, NEI PANNI DI UN ASPIRANTE ANGELO, CLARENCE, CHE GLI MOSTRA QUALI DRAMMI SAREBBERO AVVENUTI SE LUI NON FOSSE MAI NATO. RITROVATA LA SPERANZA, L'UOMO TORNA A CASA E SCOPRE CHE GLI AMICI E I PARENTI HANNO DATO I LORO RISPARMI PER EVITARE LA BANCAROTTA DELLA COOPERATIVA. aPAL, STEREO aITALIANO aCOMMEDIAeDVD-FILM [DVD]xCodice MATERIA SPICS: 9947 aCapra Frank e(regista)gCodice regista SPICS: 8472 aSwerling Jo e(soggetto)gCodice Soggetto SPICS: 58433 aTiomkin Dimitrie(musica)gCodice Musica SPICS: 11173 aWilson Michael e(soggetto)gCodice Soggetto 2° SPICS: 443